[Event "Champions Challenge 139th"]
[Site "Playchess.com INT"]
[Date "2006.03.25"]
[Round "2.1"]
[White "Kiselev, Vitaliy"]
[Black "Petronijevic, Zoran"]
[Result "1-0"]
[WhiteElo "2277"]
[BlackElo "2405"]
[PlyCount "117"]
[EventDate "2006.03.25"]
[EventType "k.o. (blitz)"]
[EventRounds "5"]
[EventCountry "GER"]
[SourceTitle "EXT 2007"]
[Source "ChessBase"]
[SourceDate "2006.11.23"]
[SourceVersion "1"]
[SourceVersionDate "2006.11.23"]
[SourceQuality "1"]

1. d4 d5 2. c4 e6 3. Nc3 Be7 4. cxd5 exd5 5. Bf4 c6 6. e3 Bd6 7. Bxd6 Qxd6 8. Bd3 Ne7 9. Qc2 g6 10. Nge2 0-0 11. 0-0 Bf5 12. Rab1 a5 13. Ng3 Bxd3 14. Qxd3 Nd7 15. Rbe1 f5 16. f3 c5 17. dxc5 Nxc5 18. Qd2 Rad8 19. Nge2 Ne6 20. Rd1 Qb6 21. Kh1 Rd7 22. b3 Rfd8 23. Nd4 Nxd4 24. exd4 Nc6 25. Na4 Qc7 26. Rfe1 Re7 27. Rxe7 Qxe7 28. Re1 Qf6 29. Rd1 Re8 30. Nc3 Qe6 31. Kg1 Kg7 32. Kf2 Qd6 33. g3 h5 34. h4 Re6 35. Ne2 Re7 36. Nf4 Nb4 37. Re1 Rxe1 38. Qxe1 Nxa2 39. Qe8 Nb4 40. Ne6+ Kf6 41. Ng5 Qe7 42. Qh8+ Qg7 43. Nh7+ Kf7 44. Ng5+ Kf6 45. Qd8+ Qe7 46. Nh7+ Kf7 47. Ng5+ Kf6 48. Qb6+ Kg7 49. Ne6+ Kh6 50. Nf4 Qg7 51. Kg2 Kh7 52. Ne6 Qe7 53. Nf4 Qg7 54. Qxa5 Qxd4 55. Qc7+ Kh6 56. Qd6 Qb2+ 57. Kh3 Qg7 58. Qxb4 Qd7 59. Qd2 1-0

[Event "Dia De Internet op"]
[Site "Playchess.com INT"]
[Date "2005.10.22"]
[Round "7"]
[White "Petronijevic, Zoran"]
[Black "Murugan, Krishnamoorthy"]
[Result "1-0"]
[WhiteElo "2405"]
[BlackElo "2370"]
[PlyCount "71"]
[EventDate "2005.10.22"]
[EventType "swiss (blitz)"]
[EventRounds "13"]
[EventCountry "GER"]
[SourceTitle "EXT 2007"]
[Source "ChessBase"]
[SourceDate "2006.11.23"]
[SourceVersion "1"]
[SourceVersionDate "2006.11.23"]
[SourceQuality "1"]

1. e4 c5 2. c3 Nf6 3. e5 Nd5 4. d4 cxd4 5. Nf3 e6 6. cxd4 b6 7. a3 Bb7 8. Bd3 f5 9. 0-0 Be7 10. Nc3 0-0 11. Bd2 Kh8 12. Rc1 d6 13. exd6 Bxd6 14. Ne5 Nd7 15. Qe2 Bxe5 16. dxe5 Nc5 17. Bc4 Nxc3 18. Bxc3 Qg5 19. f4 Qg6 20. Bb4 Rac8 21. Rfd1 a5 22. Bxc5 Rxc5 23. Bb3 Rxc1 24. Rxc1 h6 25. Rc7 Be4 26. Qd2 Kh7 27. Rd7 Rc8 28. g3 Qg4 29. Qd1 Bf3 30. Qf1 Rc6 31. Rd6 Be2 32. Qe1 Qf3 33. Rxc6 Qd3 34. Rc3 Qd4+ 35. Qf2 Qd2 36. Bxe6 1-0

[Event "Dia De Internet op"]
[Site "Playchess.com INT"]
[Date "2005.10.22"]
[Round "5"]
[White "Rausch, Stephan"]
[Black "Petronijevic, Zoran"]
[Result "1/2-1/2"]
[WhiteElo "2343"]
[BlackElo "2405"]
[PlyCount "103"]
[EventDate "2005.10.22"]
[EventType "swiss (blitz)"]
[EventRounds "13"]
[EventCountry "GER"]
[SourceTitle "EXT 2007"]
[Source "ChessBase"]
[SourceDate "2006.11.23"]
[SourceVersion "1"]
[SourceVersionDate "2006.11.23"]
[SourceQuality "1"]

1. d4 d5 2. Nf3 Nf6 3. c3 e6 4. Bg5 c5 5. e3 Nc6 6. Nbd2 Be7 7. Bd3 0-0 8. 0-0 b6 9. Ne5 Nxe5 10. dxe5 Nd7 11. Bxe7 Qxe7 12. f4 f5 13. exf6 Nxf6 14. Nf3 Bb7 15. Ne5 Rad8 16. Qa4 a6 17. Rad1 Qc7 18. h3 b5 19. Qc2 c4 20. Be2 a5 21. Bg4 Rfe8 22. Rd4 Nd7 23. Bh5 Rf8 24. Bf7+ Rxf7 25. Nxf7 Kxf7 26. Qxh7 Nf6 27. Qh4 Kg8 28. g4 e5 29. Rd2 d4 30. fxe5 Qxe5 31. exd4 Qe4 32. Kh2 Rf8 33. Rdf2 b4 34. Qg3 bxc3 35. bxc3 Bd5 36. Qe5 Nxg4+ 37. hxg4 Rxf2+ 38. Rxf2 Qh1+ 39. Kg3 Qg1+ 40. Kh3 Qxf2 41. Qxd5+ Kh8 42. Qh5+ Kg8 43. Qe8+ Kh7 44. Qe4+ Kh8 45. Qe8+ Kh7 46. Qh5+ Kg8 47. Qd5+ Kh8 48. Qxc4 Qf3+ 49. Kh4 Qf2+ 50. Kh3 Qf3+ 51. Kh4 Qf2+ 52. Kh3 1/2-1/2

[Event "SCG-chT"]
[Site "Budva"]
[Date "2003.??.??"]
[Round "2.34"]
[White "Nikcevic, Nebojsa"]
[Black "Petronijevic, Zoran"]
[Result "1/2-1/2"]
[WhiteElo "2446"]
[BlackElo "2408"]
[PlyCount "30"]
[EventDate "2003.09.??"]
[EventType "team"]
[EventRounds "11"]
[EventCountry "YUG"]
[SourceTitle "CBM 096 Extra"]
[Source "ChessBase"]
[SourceDate "2003.10.22"]
[SourceVersion "2"]
[SourceVersionDate "2003.10.20"]
[SourceQuality "1"]

1. c4 e6 2. Nf3 d5 3. d4 Nf6 4. Nc3 Be7 5. g3 0-0 6. Bg2 dxc4 7. Ne5 Nc6 8. Bxc6 bxc6 9. Nxc6 Qe8 10. Nxe7+ Qxe7 11. Qa4 c5 12. Qxc4 cxd4 13. Qxd4 e5 14. Qh4 Rb8 15. 0-0 Rb4 1/2-1/2

[Event "SCG-chT"]
[Site "Budva"]
[Date "2003.??.??"]
[Round "1.44"]
[White "Petronijevic, Zoran"]
[Black "Ivanovic, Bozidar"]
[Result "1/2-1/2"]
[WhiteElo "2408"]
[BlackElo "2512"]
[PlyCount "139"]
[EventDate "2003.09.??"]
[EventType "team"]
[EventRounds "11"]
[EventCountry "YUG"]
[SourceTitle "CBM 096 Extra"]
[Source "ChessBase"]
[SourceDate "2003.10.22"]
[SourceVersion "2"]
[SourceVersionDate "2003.10.20"]
[SourceQuality "1"]

1. e4 c5 2. c3 b6 3. d4 e6 4. Nf3 Be7 5. Bd3 Qc7 6. 0-0 Bb7 7. Re1 d6 8. Na3 a6 9. Bf4 Nd7 10. Qe2 Ngf6 11. Nc4 Nh5 12. Bg5 b5 13. Ncd2 Bxg5 14. Nxg5 Ndf6 15. Nh3 e5 16. Nf1 Bc8 17. dxe5 dxe5 18. Qe3 0-0 19. Be2 Nf4 20. Nxf4 exf4 21. Qc1 Re8 22. e5 Qxe5 23. Bf3 Qxe1 24. Qxe1 Rxe1 25. Rxe1 Ra7 26. Re5 Rc7 27. Nd2 Be6 28. Nb3 Nd7 29. Re1 g5 30. h3 Kg7 31. Bg4 Bxg4 32. hxg4 Nf8 33. Re5 Ne6 34. Kf1 h6 35. Rd5 Rc6 36. Na5 Rc8 37. Nb7 Kg6 38. Rd6 Rc7 39. Nd8 Kf6 40. Nxe6 fxe6 41. Rxa6 b4 42. Ke2 bxc3 43. bxc3 Rb7 44. Ra5 Rb2+ 45. Kf3 Rc2 46. Rxc5 Rxa2 47. g3 Ra4 48. gxf4 Rxf4+ 49. Kg3 Re4 50. Rc8 Re1 51. f3 Rc1 52. Kf2 Rc2+ 53. Ke3 Rh2 54. Rc7 h5 55. gxh5 Rxh5 56. Rc8 Rh2 57. Rc7 Ra2 58. Rc8 Rh2 59. Rf8+ Ke5 60. Rg8 Kf6 61. Rf8+ Ke7 62. Rg8 Rg2 63. c4 Kf7 64. Rc8 g4 65. fxg4 Rxg4 66. Kd3 Ke7 67. Rc6 Kf6 68. Rc8 Kf5 69. c5 Ke5 70. Rd8 1/2-1/2

[Event "SCG-chT"]
[Site "Budva"]
[Date "2003.??.??"]
[Round "3.54"]
[White "Petronijevic, Zoran"]
[Black "Strikovic, Aleksa"]
[Result "1/2-1/2"]
[WhiteElo "2408"]
[BlackElo "2520"]
[PlyCount "69"]
[EventDate "2003.09.??"]
[EventType "team"]
[EventRounds "11"]
[EventCountry "YUG"]
[SourceTitle "CBM 096 Extra"]
[Source "ChessBase"]
[SourceDate "2003.10.22"]
[SourceVersion "2"]
[SourceVersionDate "2003.10.20"]
[SourceQuality "1"]

1. e4 c5 2. c3 d5 3. exd5 Qxd5 4. d4 Nf6 5. Nf3 Bg4 6. Be2 cxd4 7. cxd4 e6 8. h3 Bh5 9. Nc3 Qd6 10. 0-0 Nc6 11. Be3 Be7 12. Qb3 0-0 13. Rfd1 Rfd8 14. Rac1 Qb4 15. Qxb4 Bxb4 16. g4 Bg6 17. Ne5 Bxc3 18. Nxc6 Bxb2 19. Ne7+ Kf8 20. Nxg6+ hxg6 21. Rb1 Bc3 22. Rxb7 Nd5 23. Bf3 Ba5 24. Bg5 Rd6 25. Bc1 Ke8 26. Ba3 Rd7 27. Rb5 Bb6 28. Bxd5 exd5 29. Re1+ Kd8 30. Re5 Bxd4 31. Rexd5 Bb6 32. Bf8 Rc8 33. Bxg7 Rc2 34. Bf6+ Kc8 35. Rxd7 1/2-1/2

[Event "SCG-chT"]
[Site "Budva"]
[Date "2003.??.??"]
[Round "4.24"]
[White "Savanovic, Aleksandar"]
[Black "Petronijevic, Zoran"]
[Result "1/2-1/2"]
[WhiteElo "2396"]
[BlackElo "2408"]
[PlyCount "132"]
[EventDate "2003.09.??"]
[EventType "team"]
[EventRounds "11"]
[EventCountry "YUG"]
[SourceTitle "CBM 096 Extra"]
[Source "ChessBase"]
[SourceDate "2003.10.22"]
[SourceVersion "2"]
[SourceVersionDate "2003.10.20"]
[SourceQuality "1"]

1. Nf3 d5 2. c4 e6 3. b3 Nf6 4. g3 Be7 5. Bg2 0-0 6. 0-0 b6 7. Bb2 Bb7 8. Nc3 dxc4 9. bxc4 c5 10. e3 Na6 11. Qe2 Nc7 12. Ne1 Bxg2 13. Kxg2 a6 14. a4 Rb8 15. f4 Qd7 16. Nf3 Rfd8 17. Rfd1 b5 18. axb5 axb5 19. Nxb5 Nxb5 20. cxb5 Rxb5 21. Bxf6 Bxf6 22. Rab1 Rb4 23. Rbc1 Qd5 24. Rc2 h5 25. Rdc1 Be7 26. Kf2 g6 27. Rc4 Rb2 28. R4c2 Rb4 29. Ne5 Bf8 30. Qf3 Ra4 31. Qxd5 exd5 32. Rb1 Bd6 33. Nf3 Rda8 34. Rb6 R8a6 35. Rcb2 Kg7 36. Rxa6 Rxa6 37. Rb7 Rc6 38. Rd7 Kf8 39. Ng5 Be7 40. Rxd5 Bxg5 41. Rxg5 c4 42. Ra5 c3 43. dxc3 Rxc3 44. Ra2 Ke7 45. Re2 Kf6 46. Kg2 Ra3 47. Kh3 Rb3 48. Kh4 Ra3 49. e4 Ra4 50. h3 Rb4 51. g4 hxg4 52. hxg4 g5+ 53. fxg5+ Kg6 54. Re1 Rd4 55. e5 Ra4 56. e6 fxe6 57. Rxe6+ Kf7 58. Rb6 Ra1 59. g6+ Kg7 60. Kh5 Ra5+ 61. g5 Ra1 62. Rb7+ Kg8 63. g7 Kh7 64. g8Q+ Kxg8 65. Kh6 Ra6+ 66. g6 Ra8 1/2-1/2

[Event "YUG-chT2"]
[Site "Yugoslavia"]
[Date "2000.09.??"]
[Round "1"]
[White "Petronijevic, Zoran"]
[Black "Pavlovic, Milos"]
[Result "1-0"]
[WhiteElo "2387"]
[BlackElo "2481"]
[PlyCount "135"]
[EventDate "2000.09.??"]
[EventType "team"]
[EventRounds "11"]
[EventCountry "YUG"]
[SourceTitle "EXT 2005"]
[Source "ChessBase"]
[SourceDate "2004.11.15"]
[SourceVersion "1"]
[SourceVersionDate "2004.11.15"]
[SourceQuality "1"]

1. e4 c5 2. c3 g6 3. d4 cxd4 4. cxd4 d5 5. exd5 Bg7 6. Nc3 Nf6 7. Bc4 0-0 8. Nge2 Nbd7 9. Bb3 Nb6 10. Nf4 Bf5 11. 0-0 Rc8 12. Re1 Re8 13. h3 h5 14. Qe2 a6 15. Be3 Qd6 16. Rac1 Kh7 17. Qf3 Nc4 18. Bxc4 Rxc4 19. b3 Rcc8 20. Nfe2 Red8 21. Ng3 Qd7 22. d6 exd6 23. Nxf5 Qxf5 24. Qxb7 Qa5 25. Na4 Nd5 26. Re2 Rxc1+ 27. Bxc1 Qb5 28. Qxb5 axb5 29. Nb2 Nc3 30. Rc2 Bxd4 31. a4 bxa4 32. Nxa4 Ne4 33. Be3 Bxe3 34. fxe3 Rb8 35. Rb2 Rb4 36. Kf1 d5 37. Ke2 Kg7 38. Kd3 Kf6 39. Nc3 Nc5+ 40. Kc2 Ke5 41. Rb1 Ne6 42. Na2 Rb7 43. b4 f5 44. Kd3 Nc5+ 45. Ke2 Ne4 46. Rb3 Rc7 47. Rb2 f4 48. exf4+ Kxf4 49. b5 Nc5 50. b6 Re7+ 51. Kd1 d4 52. Rb5 Nb7 53. Kd2 Nd6 54. Rb1 Rb7 55. Kd3 Nc8 56. Nb4 Kg3 57. Nd5 Kxg2 58. h4 Kg3 59. Rg1+ Kxh4 60. Rxg6 Rd7 61. Rg8 Rxd5 62. b7 Ne7 63. b8Q Nxg8 64. Qh2+ Kg4 65. Qg2+ Kf4 66. Qe4+ Kg3 67. Qxd5 Nf6 68. Qe5+ 1-0

[Event "YUG-chT2"]
[Site "Yugoslavia"]
[Date "2000.09.??"]
[Round "8"]
[White "Petronijevic, Zoran"]
[Black "Petkovic, Radosav"]
[Result "1/2-1/2"]
[WhiteElo "2387"]
[BlackElo "2319"]
[PlyCount "96"]
[EventDate "2000.09.??"]
[EventType "team"]
[EventRounds "11"]
[EventCountry "YUG"]
[SourceTitle "EXT 2005"]
[Source "ChessBase"]
[SourceDate "2004.11.15"]
[SourceVersion "1"]
[SourceVersionDate "2004.11.15"]
[SourceQuality "1"]

1. e4 e5 2. Nf3 Nc6 3. Bb5 a6 4. Ba4 b5 5. Bb3 Nf6 6. d4 exd4 7. e5 Ne4 8. Bd5 Nc5 9. Nxd4 Bb7 10. 0-0 Ne6 11. Nf5 g6 12. Ng3 d6 13. exd6 Bxd6 14. Nc3 Qh4 15. Nce4 Be7 16. Bxe6 fxe6 17. Be3 Nb4 18. f3 Nd5 19. Re1 Nxe3 20. Rxe3 Qf4 21. Rd3 0-0 22. Qd2 Qxd2 23. Rxd2 Rad8 24. Rad1 Bd5 25. b3 c6 26. Rd3 h5 27. Nf2 c5 28. Nge4 c4 29. Rd4 Rc8 30. Nc3 cxb3 31. Nxd5 exd5 32. cxb3 Rc2 33. R1d2 Rc1+ 34. Rd1 Rc2 35. R4d2 Rfc8 36. Nd3 Bc5+ 37. Nxc5 R8xc5 38. Kf2 Kf7 39. Ke2 Ke6 40. Rxc2 Rxc2+ 41. Rd2 Rc1 42. Kd3 Ke5 43. Re2+ Kd6 44. f4 Rf1 45. g3 a5 46. Rc2 b4 47. Re2 Kc5 48. Rc2+ Kd6 1/2-1/2

[Event "YUG-ch op"]
[Site "Nis"]
[Date "1998.??.??"]
[Round "5"]
[White "Petronijevic, Zoran"]
[Black "Todorov, Todor"]
[Result "0-1"]
[WhiteElo "2375"]
[BlackElo "2405"]
[PlyCount "80"]
[EventDate "1998.??.??"]
[EventType "swiss"]
[EventRounds "11"]
[EventCountry "YUG"]
[SourceTitle "EXT 2002"]
[Source "ChessBase"]
[SourceDate "2001.11.25"]
[SourceVersion "1"]
[SourceVersionDate "2001.11.25"]
[SourceQuality "1"]

1. e4 c5 2. c3 Nf6 3. e5 Nd5 4. d4 cxd4 5. Nf3 e6 6. cxd4 b6 7. a3 Be7 8. Bd3 Ba6 9. 0-0 0-0 10. Nc3 Nxc3 11. bxc3 Bxd3 12. Qxd3 d5 13. exd6 Qxd6 14. c4 Nc6 15. Be3 Rfd8 16. Rfd1 Rac8 17. Rd2 Na5 18. Rc2 Rc7 19. g3 Qc6 20. Bd2 Qa4 21. Bxa5 Qxa5 22. Nd2 Bf6 23. Nb3 Qa4 24. Raa2 g6 25. d5 exd5 26. cxd5 Rxc2 27. Rxc2 Qxa3 28. Qf3 Kg7 29. Rc6 Rd6 30. Rc7 a5 31. Qe3 Rxd5 32. Qe6 Rd1+ 33. Kg2 Qf8 34. h4 h5 35. Ra7 a4 36. Qe2 Rb1 37. Nd2 Rb4 38. Nc4 Qb8 39. Rd7 Qa8+ 40. Kh2 Qc6 0-1

[Event "Nis op"]
[Site "Nis"]
[Date "1997.??.??"]
[Round "1"]
[White "Miljkovic, Miroslav M"]
[Black "Petronijevic, Zoran"]
[Result "0-1"]
[WhiteElo "2130"]
[BlackElo "2430"]
[PlyCount "60"]
[EventDate "1997.??.??"]
[EventType "swiss"]
[EventRounds "11"]
[EventCountry "YUG"]
[SourceTitle "EXT 2002"]
[Source "ChessBase"]
[SourceDate "2001.11.25"]
[SourceVersion "1"]
[SourceVersionDate "2001.11.25"]
[SourceQuality "1"]

1. d4 d5 2. c4 Nc6 3. Nf3 e5 4. dxe5 Bb4+ 5. Bd2 dxc4 6. Nc3 Nge7 7. e3 Be6 8. a3 Ba5 9. Rc1 0-0 10. Qa4 a6 11. Ng5 b5 12. Qc2 Bf5 13. e4 Bc8 14. Rd1 Nd4 15. Qb1 Nec6 16. Be3 h6 17. Nf3 Nxf3+ 18. gxf3 Qe7 19. Rg1 Nxe5 20. Be2 Qh4 21. f4 Qxh2 22. Kd2 Nd3 23. Bxd3 Rd8 24. Kc2 cxd3+ 25. Rxd3 Rxd3 26. Kxd3 Bb7 27. Bd4 Rd8 28. Ke3 Rxd4 29. Kxd4 Qxf2+ 30. Kd3 c5 0-1